| 000 -ლიდერი |
| ფიქსირებული სიგრძის საკონტროლო ველი |
01659nam a2200301Ia 4500 |
| 001 - საკონტროლო ნომერი |
| საკონტროლო ველი |
1611 |
| 003 - საკონტროლო ნომრის იდენტიფიკატორი |
| საკონტროლო ველი |
GE_BSU |
| 005 - ბოლო ოპერაციის თარიღი და დრო |
| საკონტროლო ველი |
20210517134053.0 |
| 008 - ფიქსირებული სიგრძის მონაცემთა ელემენტები - ზოგადი ინფორმაცია |
| ფიქსირებული სიგრძის საკონტროლო ველი |
181216s2001||||ge |||||||||||||| ||geo|| |
| 020 ## - წიგნის საერთაშორისო სტანდარტული ნომერი |
| International Standard Book Number |
999288634X |
| 040 ## - კატალოგიზაციის წყარო |
| Transcribing agency |
GE_BSU |
| 041 ## - ენის კოდი |
| Language code of text/sound track or separate title |
geo |
| 080 ## - უნივერსალური ათობითი კლასიფიკაციის ინდექსი |
| Universal Decimal Classification number |
621.396+621.395 ც-76 |
| 245 ## - ცნობა სათაურის შესახებ |
| Title |
ციფრული გადაცემის თანამდროვე ტექნოლოგიები / |
| Statement of responsibility, etc |
[ნ. თამაზაშვილი, ნ. გოთუა, თ. ვეკუა და სხვ.] ; რედ.ნ.თამზაშვილი. |
| 264 ## - წარმოების, გამოცემის, დისტრიბუციის და სხვა ცნობები |
| გამოცემის, წარმოების, დისტრიბუციის... ადგილი |
თბილისი: |
| გამოცემის, წარმოების, დისტრიბუციის... სახელწოდება |
დედა ენა, |
| გამოცემის, წარმოების, დისტრიბუციის... თარიღი |
2001. |
| 300 ## - ფიზიკური აღწერა |
| Extent |
271 გვ; |
| Other physical details |
ნახ. ; |
| Dimensions |
20 სმ. |
| 504 ## - BIBLIOGRAPHY, ETC. NOTE |
| Bibliography, etc |
ბიბლიოგრ.: გვ. 267-270 |
| 653 ## - INDEX TERM--UNCONTROLLED |
| Uncontrolled term |
ციფრული გადაცემის თანამედროვე ტექნოლოგიები |
| 653 ## - INDEX TERM--UNCONTROLLED |
| Uncontrolled term |
ინფორმაციის გადაცემის ციფრული სისტემები |
| 653 ## - INDEX TERM--UNCONTROLLED |
| Uncontrolled term |
ტელეკომუნიკაციის სისტემები |
| 653 ## - INDEX TERM--UNCONTROLLED |
| Uncontrolled term |
პლეზიოქრი იერარქია |
| 653 ## - INDEX TERM--UNCONTROLLED |
| Uncontrolled term |
სინქრონული ოპტიკური ქსელი. სინქრონული ციფრული იერარქია. ATM ქსელები. |
| 700 ## - ADDED ENTRY--PERSONAL NAME |
| Personal name |
თამაზაშვილი, ნ |
| 9 (RLIN) |
1108 |
| 700 ## - ADDED ENTRY--PERSONAL NAME |
| Personal name |
გოთუა, თ. |
| 9 (RLIN) |
11812 |
| 700 ## - ADDED ENTRY--PERSONAL NAME |
| Personal name |
ვეკუა და სხვ. |
| 9 (RLIN) |
11813 |
| 700 ## - ADDED ENTRY--PERSONAL NAME |
| Personal name |
თამაზაშვილი, ნ |
| Relator term |
რედაქციით |
| 9 (RLIN) |
1108 |
| 942 ## - ADDED ENTRY ELEMENTS (KOHA) |
| Koha item type |
წიგნი |
| Source of classification or shelving scheme |
|